Statistiken für Gemeinden von Kirchdorf an der Krems

Klicken Sie hier um das Quiz zu spielen!

Allgemein

  • Dieses Quiz wurde 168 mal gespielt
  • Das Durchschnittsergebnis liegt bei 16 aus 23

Antwortstatistiken

EinwohnerGemeinde% Korrekt
4.503Kirchdorf an der Krems
95%
818Vorderstoder
90%
1.051Klaus an der Pyhrnbahn
87%
6.578Kremsmünster
87%
3.648Molln
85%
2.234Spital am Pyhrn
85%
5.888Micheldorf in Oberösterreich
82%
2.412Windischgarsten
82%
2.871Schlierbach
79%
906Hinterstoder
74%
5.303Pettenbach
69%
3.855Grünburg
64%
665Rosenau am Hengstpaß
64%
841Steinbach am Ziehberg
64%
1.993Steinbach an der Steyr
64%
363St. Pankraz
62%
1.875Inzersdorf im Kremstal
59%
2.995Wartberg an der Krems
56%
2.289Nußbach
54%
2.724Ried im Traunkreis
54%
1.908Roßleithen
44%
491Oberschlierbach
36%
655Edlbach
26%

Verteilung der Resultate

Perzentil nach korrekt beantworteten Fragen

Anzahl Personen mit jedem Resultat

Ihre Resultats-Entwicklung

Sie haben dieses Quiz noch nicht gespielt